000 00343nam a2200133Ia 4500
008 240624s9999 xx 000 0 und d
041 _aeng
082 _a658.45 KAU
100 _aKAUL ASHA
245 _aEFFECTIVE BUSINESS COMMUNICATION
260 _c2009
_aNew Delhi
_bPHI Learning
300 _aviii, : 172 : p. : cm. ; 23
365 _cRS
_b20
999 _c16553
_d16553